[Event "AUTO-ELITE-2592"]
[Site "http://www.queenalice.com/game.php?id=1871576"]
[Date "2026.4.7"]
[Round "2"]
[White "acid"]
[Black "trompmaster"]
[Result "1-0"]
[WhiteElo "2732"]
[BlackElo "2478"]

1. e4 d5 2. exd5 Nf6 3. d4 Bg4 4. f3 Bf5 5. g4 Bg6 6. c4 e6 7. Nc3 exd5 8. g5
Nh5 9. f4 Nc6 10. f5 Bxf5 11. cxd5 Nb4 12. Qxh5 Nc2+ 13. Kf2 Bd6 14. Qe2+ Kf8
15. Bh3 Bg6 16. Rb1 Nb4 17. Qf3 Nd3+ 18. Kf1 Nxc1 19. Rxc1 h6 20. Nge2 hxg5 21.
Bg4 Qf6 22. Kg2 Rh4 23. h3 Qxf3+ 24. Bxf3 a6 25. Bg4 Re8 26. Ng3 Re3 27. Nce2 f5
28. Rhf1 f4 29. Rc3 Bd3 30. Rxd3 Rxd3 31. Ne4 Be7 32. Rf3 Rxf3 33. Kxf3 b6 34.
Nf2 Rh6 35. Nd3 g6 36. Nc3 Rh8 37. Ne5 Kg7 38. Ne4 Re8 39. Nc6 Bf6 40. b4 a5 41.
bxa5 bxa5 42. Bd7 Rh8 43. a4 Rh7 44. Bg4 Rh8 45. Nc5 Re8 46. Ne6+ Kg8 47. Ke4
Kh7 48. Ne5 Re7 49. Nc6 Re8 50. Kd3 Bg7 51. Kc4 Bf8 52. Nxa5 Ra8 53. Kb5 Be7 54.
Nc6 Bf6 55. Bf3 Rh8 56. a5 Kg8 57. a6 Kf7 58. a7 g4 59. hxg4 Ra8 60. Ka6 g5 61.
Nxc7 1-0

[Event "AUTO-ELITE-2592"]
[Site "http://www.queenalice.com/game.php?id=1871577"]
[Date "2026.4.7"]
[Round "2"]
[White "trompmaster"]
[Black "acid"]
[Result "0-1"]
[WhiteElo "2456"]
[BlackElo "2731"]

1. Nf3 d5 2. d4 Nf6 3. c4 e6 4. e3 Be7 5. b3 O-O 6. Bd3 c5 7. O-O cxd4 8. exd4
b6 9. Nc3 Bb7 10. Be3 Nc6 11. a3 Rc8 12. Qc2 Kh8 13. Qe2 Na5 14. Nd2 Qd7 15. f4
Rfd8 16. Bc2 dxc4 17. bxc4 Ba6 18. Bd3 Bc5 19. Nf3 Ng4 20. Nb5 Bxb5 21. cxb5
Nxe3 22. Qxe3 Qxd4 23. Nxd4 Bxd4 24. Qxd4 Rxd4 25. Rac1 Rcd8 26. Be2 Nb3 27. Rc7
R4d7 28. Rxd7 Rxd7 29. Kf2 h6 30. Ke3 Rc7 31. Rd1 Rc3+ 32. Rd3 Rxd3+ 33. Bxd3
Kg8 34. g3 Nc5 35. Be2 Kf8 36. Kd4 Ke7 37. Bf3 f6 38. h4 Kd6 39. Ba8 g5 40. fxg5
fxg5 41. hxg5 hxg5 42. Bg2 Nd7 43. Be4 Nf6 44. Bg6 Nd5 45. Bh7 Nc7 46. Bd3 Ne8
47. Bg6 Nf6 48. a4 Nd7 49. Bh7 Nc5 50. Bc2 e5+ 51. Kc4 Ke6 52. a5 Nb7 53. axb6
axb6 54. Kd3 Nd6 55. Ba4 Kd5 0-1

[Event "AUTO-ELITE-2620"]
[Site "http://www.queenalice.com/game.php?id=1872285"]
[Date "2026.4.22"]
[Round "1"]
[White "acid"]
[Black "Donidon"]
[Result "1-0"]
[WhiteElo "2735"]
[BlackElo "2243"]

1. d4 Nf6 2. c4 c5 3. d5 b5 4. cxb5 a6 5. bxa6 Bxa6 6. Nc3 d6 7. e4 Bxf1 8. Kxf1
g6 9. g3 Bg7 10. Nf3 O-O 11. Kg2 Qd7 12. a4 Na6 13. Nd2 Nb4 14. Nc4 Ra6 15. Bg5
h6 16. Bxf6 Bxf6 17. a5 Bd4 18. Nb6 Qb7 19. Qe2 e6 20. Rhd1 exd5 21. exd5 Rb8
22. Qe4 h5 23. Rd2 Ra7 24. Ra4 Qa6 25. Ra3 Bg7 26. Qe2 Bf8 27. Qxa6 Rxa6 28. Nc4
Re8 29. Ra1 Be7 30. Re1 Kf8 31. f4 Bd8 32. Ra1 Bf6 33. Kf3 Kg7 34. Nb5 Rd8 35.
Re1 Kf8 36. h3 h4 37. g4 g5 38. Rc1 Be7 39. Rf1 Rd7 40. Nc3 Bf6 41. fxg5 Bxg5
42. Re2 Be7 43. Rg1 Bf6 44. Rd1 Bd8 45. Ne4 Bxa5 46. Nf6 Rd8 47. Ke4 Kg7 48. Kf5
Ra7 49. Ra1 Bb6 50. Rxa7 Bxa7 51. g5 Kf8 52. Re4 Nc2 53. Rxh4 Nd4+ 54. Kg4 Ke7
55. Rh7 Rf8 56. h4 Bb8 57. Ne4 Ne6 58. g6 Nd8 59. Kf5 Kd7 60. Nf6+ Kc8 61. g7
1-0